Представление документа в формате MARC21

ПолеНазваниеЗначение
  Тип записи a
  Библиографический уровень m
001 Контрольный номер RU\infra-m\znanium\bibl\2150931
005 Дата корректировки 20260429142130.9
008 Кодируемые данные 240416s2024 RU g rus u
020 Индекс ISBN __
a ISBN 978-985-881-197-6
040 Источник каталогиз. __
a Служба первич. каталог. Общество с ограниченной ответственностью «ЗНАНИУМ»
041 Код языка издания __
a Код языка текста rus
044 Код страны публикации __
a Код страны публикации RU
080 Индекс УДК __
a Индекс УДК 911
084 Индекс другой классификации/Индекс ББК __
2 Источник индекса rubbk
a Индекс другой классификации/Индекс ББК 268
084 Индекс другой классификации/Индекс ББК __
2 Источник индекса okso
a Индекс другой классификации/Индекс ББК 05.03.01
084 Индекс другой классификации/Индекс ББК __
2 Источник индекса okso
a Индекс другой классификации/Индекс ББК 05.03.02
084 Индекс другой классификации/Индекс ББК __
2 Источник индекса okso
a Индекс другой классификации/Индекс ББК 05.03.03
084 Индекс другой классификации/Индекс ББК __
2 Источник индекса okso
a Индекс другой классификации/Индекс ББК 05.03.04
100 Автор __
a Автор Брилевский М.Н.
q Полное имя Брилевский Михаил Николаевич
u Дополнение Белорусский государственный университет
245 Заглавие __
a Заглавие Физическая география Беларуси
b Продолж. заглавия Учебное пособие
c Ответственность Белорусский государственный университет
260 Выходные данные __
a Место издания Минск
b Издательство Белорусский Государственный Университет (БГУ)
c Дата издания 2022
300 Физическое описание __
a Объем 119 с.
520 Аннотация __
a Аннотация Кратко изложен материал о современном состоянии природных условий и ресурсов Республики Беларусь: геологического строения и минеральных ресурсов рельефа климата и климатических ресурсов поверхностных вод и водных ресурсов почвенного покрова и земельных ресурсов растительности животного мира и биологических ресурсов особо охраняемых природных территорий и ландшафтного разнообразия а также комплексное описание природы физико-географических провинций страны. Для иностранных студентов обучающихся по специальностям «география (по направлениям)» «гидрометеорология» «космоаэрокартография» «геоэкология» «геоинформационные системы (по направлениям)».
521 Примеч. о цел. назн. __
a Примеч. о целев. назн. ВО - Бакалавриат
650 Тематические рубрики __
a Основная рубрика Науки о Земле. Экология
x Основная подрубрика Физическая география
655 Указ. предметных рубрик (устаревшее) __
a Жанр/ форма (устаревшее) Учебное пособие
856 Электронный адрес документа 4_
a Имя сервера/домена znanium.ru
m Помощь ebs_support@infra-m.ru
n Местонахождение сервера НИЦ ИНФРА-М
u URL https://znanium.ru/catalog/document?id=445456
856 Электронный адрес документа 48
a Имя сервера/домена znanium.ru
d Путь /cover/2150
f Электронное имя 2150931.jpg
q Тип электронного формата image/jpeg
u URL https://znanium.ru/cover/2150/2150931.jpg
911 __
u 0030=https://znanium.ru/catalog/document?id=445456